| 000 | 00372nam a22001577a 4500 | ||
|---|---|---|---|
| 003 | OSt | ||
| 008 | 231114b |||||||| |||| 00| 0 eng d | ||
| 041 | _aeng | ||
| 082 |
_a940 _bDOW / M |
||
| 100 |
_aDowner Hazen, Charles _95601 |
||
| 245 | _aModern Europe Upto 1945 | ||
| 250 | _a3rd Reprint | ||
| 260 |
_aDelhi: _bS Chand & Co, _c1968. |
||
| 300 | _a727p. | ||
| 942 | _cBK | ||
| 999 |
_c17812 _d17812 |
||